Μελέτη διασποράς επιφανειακών ρύπων μέσω παράκτιου ραδιοφωνικού συστήματος (HF radars) καταγραφής θαλάσσιας επιφανειακής κυκλοφορίας, εγκατεστημένου στην ανατολική Λήμνο : διατριβή εξειδίκευσης

Αποθηκεύτηκε σε:
Λεπτομέρειες βιβλιογραφικής εγγραφής
Κύριος συγγραφέας: Κυριακίδης, Σταμάτιος
Συγγραφή απο Οργανισμό/Αρχή: Πανεπιστήμιο Αιγαίου Σχολή Περιβάλλοντος Τμήμα Επιστημών της Θάλασσας Πρόγραμμα Μεταπτυχιακών Σπουδών Διαχείριση Παράκτιων Περιοχών
Άλλοι συγγραφείς: Ζερβάκης, Βασίλης (Εισηγητής διατριβής)
Μορφή: Thesis Βιβλίο
Γλώσσα:Greek
Δημοσίευση: 2010
Θέματα:
Διαθέσιμο Online:http://hdl.handle.net/11610/11627
Ετικέτες: Προσθήκη ετικέτας
Δεν υπάρχουν, Καταχωρήστε ετικέτα πρώτοι!

MARC

LEADER 00000cam a2200000 i 4500
001 1/16113
008 111101s2010 gre d
035 |l 10111238 
040 |a GR-MY-UA  |b gre  |e aacr 
041 0 |a gre 
082 0 |a 363.7392  |2 (22) 
100 1 |a Κυριακίδης, Σταμάτιος. 
245 1 0 |a Μελέτη διασποράς επιφανειακών ρύπων μέσω παράκτιου ραδιοφωνικού συστήματος (HF radars) καταγραφής θαλάσσιας επιφανειακής κυκλοφορίας, εγκατεστημένου στην ανατολική Λήμνο :  |b διατριβή εξειδίκευσης /  |c Κυριακίδης Σταμάτιος ; υπεύθυνος καθηγητής: Ζερβάκης Βασίλης 
260 |c 2010 
300 |a 118 σ.;  |b σχ.;  |c 30 εκ. 
502 |a Διατριβή (μεταπτυχιακή) – Πανεπιστήμιο Αιγαίου, Λέσβος, 2010. 
504 |a Βιβλιογραφία: σ. 100-102 
650 0 0 |a Marine pollution  |z Aegean Sea. 
650 0 0 |a Marine pollution  |x Measurement. 
650 0 0 |a Dissertations, Academic  |z Greece. 
700 1 |4 ths  |a Ζερβάκης, Βασίλης. 
710 2 |a Πανεπιστήμιο Αιγαίου  |b Σχολή Περιβάλλοντος  |b Τμήμα Επιστημών της Θάλασσας  |b Πρόγραμμα Μεταπτυχιακών Σπουδών Διαχείριση Παράκτιων Περιοχών. 
852 |a INST  |b LESVOS  |c DIATR  |e 20111101  |h 205  |p 005100051162  |q 005100051162  |t MTXE  |y 23 
852 |a INST  |b LESVOS  |c DIATR  |e 20111101  |h 206  |p 005100051161  |q 005100051161  |t MTXE  |y 23 
856 |u http://hdl.handle.net/11610/11627 
901 |a BIBL1-2011-3 
909 |a Λ  |b 172984 
909 |a Λ  |b 172985 
924 |a ΚΥΡΙΑΚΙΔΗΣ  |b ΣΤΑΜΑΤΙΟΣ  |y ΛΕΣΒΟΣ  |z 2010-11 
970 |a ΤΖΑΦΕΡΗ  |b ΕΥΑΓΓΕΛΙΑ  |z 2011/11/01